Williams Texbook of Endocrinology (Record no. 16731)
[ view plain ]
| 000 -LEADER | |
|---|---|
| fixed length control field | 00305 a2200133 4500 |
| 100 ## - VEDETTE PRINCIPALE - NOM DE PERSONNE | |
| Personal name | Wilson, J. D. |
| 250 ## - EDITION STATEMENT | |
| Edition statement | 8ème éd. |
| 245 ## - TITLE STATEMENT | |
| Title | Williams Texbook of Endocrinology |
| 260 ## - PUBLICATION, DISTRIBUTION, ETC. (IMPRINT) | |
| Date of publication, distribution, etc | 1992 |
| 300 ## - PHYSICAL DESCRIPTION | |
| Extent | 1712 p. |
| 700 ## - ADDED ENTRY--PERSONAL NAME | |
| Personal name | Foster, D.W. |
| Withdrawn status | Lost status | Damaged status | Not for loan | Location (home branch) | Sublocation or collection (holding branch) | Date acquired | Koha issues (times borrowed) | Koha full call number | Koha date last seen | Price effective from | Koha item type |
|---|---|---|---|---|---|---|---|---|---|---|---|
| Bibliothèque Faculté des Sciences de la Santé | Bibliothèque Faculté des Sciences de la Santé | 27/02/2009 | WK 100 WIL | 27/02/2009 | 27/02/2009 | Livre |